|
|
|
|
| LEADER |
00000nam0a2200000 4500 |
| 001 |
365863 |
| 005 |
20231102011827.0 |
| 035 |
|
|
|a (RuTPU)RU\TPU\retro\23226
|
| 090 |
|
|
|a 365863
|
| 100 |
|
|
|a 20220124d1979 k y0rusy50 ca
|
| 101 |
0 |
|
|a rus
|
| 102 |
|
|
|a RU
|
| 105 |
|
|
|a a z 001zy
|
| 200 |
1 |
|
|a Ископаемые и современные радиолярии
|e сборник научных работ
|f Академия наук СССР, Зоологический институт ; отв. ред. Р. Х. Липман
|
| 210 |
|
|
|a Ленинград
|c Изд-во Зоологического ин-та АН СССР
|d 1979
|
| 215 |
|
|
|a 144 с.
|c ил.
|
| 320 |
|
|
|a Библиогр.: с. 133-139
|
| 606 |
1 |
|
|a Радиолярии ископаемые
|x Исследование
|2 stltpush
|3 (RuTPU)RU\TPU\subj\22854
|9 47539
|
| 610 |
1 |
|
|a миоцен
|
| 610 |
1 |
|
|a палеоген
|
| 610 |
1 |
|
|a меловые отложения
|
| 610 |
1 |
|
|a осадки
|
| 610 |
1 |
|
|a систематика
|
| 610 |
1 |
|
|a палеозоология
|
| 675 |
|
|
|a 563.14
|v 4
|
| 702 |
|
1 |
|a Липман
|b Р. Х.
|4 340
|
| 712 |
0 |
2 |
|a Академия наук СССР
|b Зоологический институт
|c (Ленинград)
|2 stltpush
|3 (RuTPU)RU\TPU\col\18516
|9 27065
|
| 801 |
|
1 |
|a RU
|b 63413507
|c 20220124
|
| 942 |
|
|
|c BK
|